| 000 | 00717nam a22001337a 4500 | ||
|---|---|---|---|
| 040 | _cRUA | ||
| 082 | _aAGR SEM 2014 B431 Or.1 | ||
| 100 | _aSEM SAVUTH, សែម សាវុធ | ||
| 245 | _aComparison of tes of IMO fertilizers and chemical fertilizer on amaranth under sandy loam condition, ការប្រៀបធៀបបរិមាណជី IMO និងជីគីំមីទៅលើទិន្នផលដំណាំផ្ទីស ក្នុងលក្ខខណ្ឌដីល្បាប់ខ្សាច់ | ||
| 260 |
_aPhnom Penh _bRUA _c2014 |
||
| 300 |
_axii; 51p. _bill. _c29cm. |
||
| 856 | _uhttps://drive.google.com/file/d/1PU2rOrWJsJYEJSEx7ED2yHLbA8kavNxs/view?usp=sharing | ||
| 942 | _cAGR | ||
| 999 |
_c7092 _d7092 |
||